Empoli Squad 2018-2019 - Statistics

General Stats
  • This quiz has been taken 8 times
  • The average score is 16 of 31
Answer Stats
Ruolo Giocatore Nazionalità % Correct
ST Francesco Caputo Italy
100%
GK Ivan Provedel Italy
83%
CM Afriyie Acquah Ghana
67%
ST Antonino La Gumina Italy
67%
CAM Hamed Traorè Ivory Coast
67%
CM Ismaël Bennacer Algeria
67%
CM Rade Krunić Bosnia
67%
CB Domenico Maietta Italy
50%
CB Frédéric Veseli Albania
50%
RB Giovanni Di Lorenzo Italy
50%
CB Jacob Rasmussen Denmark
50%
CB Lorenzo Polvani Italy
50%
LB Luca Antonelli Italy
50%
LB Manuel Pasqual Italy
50%
CM Marcel Būchel Liechenstein
50%
CB Matías Silvestre Argentina
50%
CB Michal Marcjanik Poland
50%
CAM Miha Zajc Slovenia
50%
GK Pietro Terracciano Italy
50%
CAM Salih Uçan Turkey
50%
ST Samuel Mráz Slovakia
50%
ST Alejandro Rodriguez Spain
33%
GK Andrea Fulignati Italy
33%
ST Arnel Jakupović Austria
33%
RB Joel Untersee Switzerland
33%
CM Leonardo Capezzi Italy
33%
ST Levan Mchedlidze Georgia
33%
CM Lorenzo Lollo Italy
33%
RB Luca Bittante Italy
33%
CM Matteo Brighi Italy
33%
CB Nikola Pejović Serbia
33%
No matching quizzes found
Score Distribution
Percent of People with Each Score
Percentile by Number Answered
Your Score History
You have not taken this quiz